000 01552cam a22001934a 4500
005 20250605164035.0
008 250528s ||||||||||||||||||||||||d
035 _a16782
040 _aGR-AtMCL
_bgre
_dGR-AtMCL
_eAACR2
245 1 _aΨυχοθεραπεία και Υπαρξισμός / Λογοθεραπεία στην Πράξη
250 _a
260 _bΤαμασός,
_c1987
300 _a240
520 _aΠρόλογος, Οι Φιλοσοφικές Βάσεις της Λογοθεραπείας, Υπαρξιακή Δυναμική και Νευρωτική Φυγή, Πέρα από την Αυτο-Πραγμάτωση και την Αυτοέκφραση, Λογοθεραπεία και Ύπαρξη, Δυναμική και Αξίες, Η Ψυχιατρική και η Αναζήτηση του Ανθρώπου για Νόημα, Η Λογοθεραπεία και η Πρόκληση του Πόνου, Ομαδικές Ψυχοθεραπευτικές Εμπειρίες σ'ένα Στρατόπεδο Συγκέντρωσης, Συλλογικές Νευρώσεις της Εποχής μας, Υπαρξιακή Ανάλυση και Διαστακτική Οντολογία, Παράδοξη Πρόθεση: Μια Λογοθεραπευτική Τεχνική, Ψυχοθεραπεία και Τέχνη και Θρησκεία, Μια Πειραματική Μελέτη στον Υπαρξισμό, Ευρετήριο.
700 1 _aFrankl Victor E
_92873
942 _cBK
999 _c2247
_d2247